Čo robiť, keď dôjdu peniaze na platenie životného poistenia

Každý problém s platením životného poistenia je potrebné riešiť s poisťovňou. Možnosť zníženia poistného. Zmena frekvencie platenia. Prerušenie platenia poistného. Čiastočné odkúpenie. Zrušenie pripoistenia. Prevod do splatného stavu. Zrušenie zmluvy.

Salvato in:
Dettagli Bibliografici
Autore principale: Poklemba, Pavol
Natura: Capitolo di libro
Lingua:slovacco
Soggetti:
Tags: Aggiungi Tag
Nessun Tag, puoi essere il primo ad aggiungerne!!

MARC

LEADER 00000naa a2200000 4500
001 0165644
005 20240313123250.1
041 0 |a slo 
044 |a SK 
245 1 0 |a Čo robiť, keď dôjdu peniaze na platenie životného poistenia  |c Pavol Poklemba 
520 |a Každý problém s platením životného poistenia je potrebné riešiť s poisťovňou. Možnosť zníženia poistného. Zmena frekvencie platenia. Prerušenie platenia poistného. Čiastočné odkúpenie. Zrušenie pripoistenia. Prevod do splatného stavu. Zrušenie zmluvy. 
610 2 0 |a poistenie životné 
610 2 0 |a poistenie životné investičné 
610 2 0 |a poistné 
610 2 0 |a poistníci 
610 2 0 |a poisťovne 
610 2 0 |a zmluvy poistné 
100 1 |a Poklemba, Pavol